000 00508nam a2200205Ia 4500
005 20240823053515.0
008 240823s9999||||xx |||||||||||||| ||und||
020 _a978-93-83103-11-9
041 _aENGLISH
082 _A658.562 Q4
100 _aJaya Kumar V
245 0 _aTotal Quality Management
250 _a6th
260 _c2014
_b"Lakshmi Publications,New "
500 _aYES
650 _aTotal Quality Management
_bManagement Studies
700 _a Raju R
942 _cBK
999 _c224314
_d224314